000 00936nam a2200253Ia 4500
003 OSt
005 20220923220252.0
006 a|||||r|||| 00| 0
007 ta
008 220922b |||||||| |||| 00| 0 hin d
024 _a185,589
037 _cTextual
040 _aARTS
_cARTS
_bhin
041 _2hin
_ahin
082 _aY1y8, 152L3
100 _aतोमर, रामबिहारी सिंह; शर्मा, रमेशचन्द्र
_9164067
245 0 _aसामाजिक सर्वेक्षण की प्रवितियां
246 _aSāmājik sarvekṣhaṇ kī pravitiyāan
250 _aसंस्क0 2
260 _c1973
650 _aभारतीय-लोक साहित्य
942 _hY1y8, 152L3
_cTEXL
_2CC
999 _c338835
_d338835